The Media Lab :inventing the future at MIT / (Record no. 1786)

000 -LEADER
fixed length control field 00841pam a2200253 a 4500
001 - CONTROL NUMBER
control field 547172
003 - CONTROL NUMBER IDENTIFIER
control field OSt
005 - DATE AND TIME OF LATEST TRANSACTION
control field 20150506131749.0
008 - FIXED-LENGTH DATA ELEMENTS--GENERAL INFORMATION
fixed length control field 880224s1988 nyuaf b 001 0 eng
010 ## - LIBRARY OF CONGRESS CONTROL NUMBER
LC control number 88005848
020 ## - INTERNATIONAL STANDARD BOOK NUMBER
International Standard Book Number 0140097015 (pbk.) :
Terms of availability $10.00 ($13.95 Can.)
040 ## - CATALOGING SOURCE
Original cataloging agency DLC
Transcribing agency DLC
Modifying agency DLC
050 00 - LIBRARY OF CONGRESS CALL NUMBER
Classification number T171.M49B73 1988
082 00 - DEWEY DECIMAL CLASSIFICATION NUMBER
Classification number 302.2/3/07207444
Edition number 19
100 1# - MAIN ENTRY--PERSONAL NAME
Personal name Brand, Stewart.
245 14 - TITLE STATEMENT
Title The Media Lab :inventing the future at MIT /
Statement of responsibility, etc Stewart Brand.
260 ## - PUBLICATION, DISTRIBUTION, ETC. (IMPRINT)
Place of publication, distribution, etc New York, N.Y., U.S.A. :
Name of publisher, distributor, etc Penguin Books,
Date of publication, distribution, etc 1988.
300 ## - PHYSICAL DESCRIPTION
Extent xvi, 285 p., [24] p. of plates :
Other physical details ill. (chiefly col.) ;
Dimensions 23 cm.
500 ## - GENERAL NOTE
General note Includes index.
504 ## - BIBLIOGRAPHY, ETC. NOTE
Bibliography, etc Bibliography: p. [265]-267.
610 20 - SUBJECT ADDED ENTRY--CORPORATE NAME
Corporate name or jurisdiction name as entry element Massachusetts Institute of Technology.
Subordinate unit Media Laboratory.
906 ## - LOCAL DATA ELEMENT F, LDF (RLIN)
a 7
b cbc
c orignew
d 1
e ocip
f 19
g y-gencatlg
942 ## - ADDED ENTRY ELEMENTS (KOHA)
Source of classification or shelving scheme
Koha item type Book
Holdings
Withdrawn status Lost status Source of classification or shelving scheme Damaged status Not for loan Home library Current library Shelving location Date acquired Total Checkouts Full call number Barcode Date last seen Copy number Price effective from Koha item type
          Riara University Library Riara University Library General stack 06/05/2015   T171.M49B73 1988 5771/15 06/05/2015 C.1 06/05/2015 Book

Riara University Library,
P.O. Box 49940-00100,
Nairobi, Kenya.